000 00778nam a22002057a 4500
005 20251108173634.0
008 250721s2004 xx 000 0 ara d
082 1 4 _a218.61/ياف
100 1 _aاليافي, عبد الكريم
245 1 0 _aالدين والإحياء الروحي في الوطن العربي اليوم : دلالتهما في الحوار الثقافي مع أوروبا الغربية تباعد أم لقاء ؟ /
264 1 _aدمشق :
_bمنشورات وزارة الثقافة،
_c2004.
300 _a112ص.
650 1 7 _aالحوار الثقافي
650 1 7 _aالحوار العربي الاوروبي
650 1 7 _aالمسلمون
650 1 7 _aالمناظرات
650 1 7 _aالغرب
942 _2ddc
_cBK
999 _c108730
_d108730